000 00412cam a2200169ua 4500
020 _c5.00
041 _aeng
_h
082 _a941
_bSTA/EN
100 _aStrchey, John .
245 _aEnd of empire /
_cJohn Strachey.
_hTextual Documents
260 _aIndia :
_bPublication Division, Govt. of India ,
_c1962.
300 _a420 ; .
365 _a5.00
504 _a
942 _cBK
999 _c6158
_d6158